000 01221nam a2200289 i 4500
001 000021805
003 DO-SdBNP
005 20240722134349.0
007 ta
008 100913s1994 dr 000 0 spa d
040 _aDO-SdBNP
_bspa
_cBNPHU
_erda
049 _aBNPD
082 4 _a101
_bA795q
_222
100 1 _aArvelo, Alejandro,
_d1959-
_925165
_eautor
245 1 0 _aSi quieres filosofar... /
_cAlejandro Arvelo ; prólogo, Rafael Morla
264 _aSanto Domingo :
_bDelfos,
_c1994.
300 _a152 páginas ;
_c21 cm.
336 _2rdacontent
_atexto
_btxt
337 _2rdamedia
_asin mediación
_bn
338 _2rdacarrier
_avolumen
_bnc
500 _aIncluye referencias bibliográficas y notas al pie de páginas.
505 0 _aPrólogo /
_rRafael Morla --
_tAnatomía del alma ordinaria --
_tCómo evitar el error --
_tReflexiones en torno a la naturaleza humana --
_tFilosofar... en qué consiste? --
_tEl problema fundamental de la filosofía --
_tLa definición de la filosofía como problema filosófico --
_gEpílogo /
_rLeón David.
650 4 _aFilosofía
_xEnsayos, conferencias, etc.
_933791
700 1 _aMorla, Rafael,
_eprólogo
_933792
910 _aValidado. Control de calidad
942 _2ddc
_cLBS1
999 _c21303
_d21303